00591 2200229 4500001002100000005001500021035002000036007000300056008004100059020001500100082000800115084001400123100002000137245003900157250001100196260003800207300003100245650002100276700002600297504002600323990001200349INLIS00000000000501520200115124636 a0010-0120000100ta200115 g 1 ind  a9795188992 a332 a332 PAN l0 aPANDIA, frianto1 aLembaga Keuangan /cFrianto Pandia aCet. 1 aJakarta :bPT Rineka Cipta,c2005 ax, 240 hlm ;c15 x 23,5 cm 4aekonomi keuangan0 aelly santi ompusunggu aBibliografi : Hal 240 a1071397